[Event "Olympiad-32"]
[Site "Yerevan"]
[Date "1996.10.01"]
[Round "14.2"]
[White "Giorgadze, Giorgi"]
[Black "Kaidanov, Gregory S"]
[Result "1-0"]
[WhiteElo "2580"]
[BlackElo "2580"]
[Annotator "Chekhov,V"]
[PlyCount "77"]
[EventDate "1996.09.15"]
[EventType "team-swiss"]
[EventRounds "14"]
[EventCountry "ARM"]
[SourceTitle "CBM 055"]
[Source "ChessBase"]
[SourceDate "1996.12.01"]
[SourceVersion "1"]
[SourceVersionDate "1996.12.01"]
[SourceQuality "1"]
[WhiteTeam "Georgia"]
[BlackTeam "US of America"]
[WhiteTeamCountry "GEO"]
[BlackTeamCountry "USA"]

1. d4 d5 2. c4 c6 3. Nc3 Nf6 4. Nf3 e6 5. e3 Nbd7 6. Qc2 b6 7. Be2 Bb7 8. O-O
Be7 (8... Bd6 $5) 9. b3 O-O 10. Bb2 Rc8 11. Rad1 (11. e4 c5 12. exd5 exd5 13.
Rad1 dxc4 14. bxc4 cxd4 15. Nxd4 g6 16. Ndb5 Rc5 17. Nd6 Bxd6 18. Rxd6 Qe7 19.
Qd2 $36 {Korotylev,A-Galliamova,A/Kstovo/1994/0,5/59/}) (11. Rfd1 Qc7 12. Rac1
Rfd8 13. Bd3 h6 14. Qe2 Qb8 15. Ne5 dxc4 16. bxc4 c5 17. f4 Qa8 18. Bb1 $14 {
Hracek,Z-Molnar,L/CZE/1991/1|0/37/}) 11... Qc7 12. Ne5 (12. Bd3 c5 13. Ne5 cxd4
14. exd4 dxc4 15. bxc4 Nxe5 16. dxe5 Qxe5 17. Nd5 Qxd5 18. cxd5 Rxc2 19. Bxc2
Bxd5 $10 {Vospernik,Z-Vospernik,A/Portoroz/1994/1|0/62/}) 12... Nxe5 13. dxe5
Nd7 14. f4 f6 15. exf6 Nxf6 16. Kh1 (16. e4 d4 $1 17. Nb1 e5 $132) 16... Bd6
17. Bd3 e5 18. cxd5 cxd5 19. Qe2 Bc6 (19... exf4 20. Nb5 Qe7 21. Nxd6 Qxd6 22.
exf4 $14) (19... e4 20. Ba6 Bc5 21. Bxb7 Qxb7 22. Nb5 $14) 20. Bf5 (20. Nb5
Bxb5 21. Bxb5 exf4 $13) 20... Rce8 21. Nb5 Bxb5 22. Qxb5 Qc5 (22... exf4 $4 23.
Bxf6 gxf6 (23... Rxf6 24. Qxe8+ $18) 24. Qxd5+ $18) 23. Qd3 (23. Qxc5 bxc5 $132
) 23... exf4 24. exf4 Ne4 (24... Re3 25. Qd2 $16) 25. Bd4 (25. Qxd5+ Qxd5 26.
Rxd5 Bc5 27. Bxe4 Rxe4 28. Rd7 Rf7 29. Rd8+ Rf8 30. Rxf8+ Kxf8 31. Be5 Re2 $44)
25... Qc7 26. Qh3 Nf6 (26... g6 $4 27. Be6+ $18) (26... h6 27. Be6+ Kh7 28.
Bxd5 Bxf4 29. Qd3 $18) 27. Bxf6 gxf6 28. Rxd5 Rd8 (28... Bxf4 29. Rd7 $18) 29.
Rfd1 Rfe8 30. Be6+ Kh8 31. Qf5 Be7 32. h3 Rxd5 33. Bxd5 Rd8 34. Rd3 Qc5 35. Kh2
(35. b4 $5 Qc1+ (35... Qxb4 36. Be4 Kg7 37. Qxh7+ Kf8 38. Qh6+ Kg8 39. Bh7+ Kf7
40. Bg6+ Ke6 41. f5+ Ke5 42. Qe3+ Qe4 43. Qg3+ Qf4 44. Re3+ $18) 36. Kh2 Kg7
37. Be4 $18) 35... a5 36. a3 Qc8 37. Be6 Qc5 38. Qg4 Qc7 39. Rg3 (39. Rg3 Bd6
40. Qg8+ Rxg8 41. Rxg8#) 1-0

[Event "Novosibirsk"]
[Site "Novosibirsk"]
[Date "1993.??.??"]
[Round "8"]
[White "Epishin, Vladimir"]
[Black "Vyzmanavin, Alexey"]
[Result "1/2-1/2"]
[WhiteElo "2620"]
[BlackElo "2620"]
[Annotator "Chekhov,V"]
[PlyCount "104"]
[EventDate "1993.06.??"]
[EventType "tourn"]
[EventRounds "11"]
[EventCountry "RUS"]
[EventCategory "14"]
[SourceTitle "CBM 036"]
[Source "ChessBase"]
[SourceDate "1993.10.01"]
[SourceVersion "1"]
[SourceVersionDate "1993.10.01"]
[SourceQuality "1"]

1. d4 Nf6 2. c4 e6 3. Nf3 d5 4. Nc3 c6 5. e3 Nbd7 6. Qc2 Bd6 7. Be2 O-O 8. O-O
b6 (8... dxc4 9. Bxc4 Qe7 10. a3 e5 11. h3 Bc7 12. Ba2 h6 13. Nh4 Re8 14. Nf5
Qf8 15. Ne2 $5 $146 (15. Nb5 $5) (15. d5 $5) 15... Nb6 16. dxe5 Rxe5 17. Neg3
Be6 18. b4 Bxa2 19. Rxa2 g6 20. Nd4 Ree8 21. Nde2 h5 $132 {Epishin,V-Akopian,V
Novosibirsk 1993/}) (8... Qe7 9. Rd1 b6 10. e4 dxe4 11. Nxe4 Nxe4 12. Qxe4 Bb7
13. Bf4 $1 Nf6 14. Bxd6 Qxd6 15. Qe3 {Epishin,V-Chekhov,V Podolsk 1992/} c5 $5
16. dxc5 Qxc5 17. Qxc5 bxc5 $14) 9. e4 dxe4 10. Nxe4 Nxe4 11. Qxe4 Bb7 12. Bf4
$5 $146 (12. Rd1 $5 Rb8 13. Bd3 g6 $5 $10 {Vyzmanavin,A-Sveshnikov,E
S-Peterburg 1993/} 14. Ng5 Re8 (14... c5 $5 15. Qh4 Nf6 16. dxc5 bxc5 17. b3
Be5 $1 $13) 15. Qh4 Nf8 16. c5 $1 Bc7 17. Bf4 $16 {Vyzmanavin,A-Yakovich,Y
S-Peterburg 1993 Inf 56/479/}) 12... Nf6 13. Qe3 Ng4 14. Qc1 c5 15. Rd1 Qc7 $1
16. Bxd6 Qxd6 17. Qg5 Nf6 18. dxc5 Qxc5 19. Qxc5 bxc5 20. Ne5 $14 Rfd8 21.
Rxd8+ Rxd8 22. Rd1 $6 (22. Nd3 $1 Rc8 23. Rd1 $14) 22... Rxd1+ 23. Bxd1 Kf8 24.
f3 Ke7 25. Ba4 Ng8 $5 26. a3 a5 27. Kf2 f6 28. Nd3 Kd6 29. Nc1 Kc7 30. Nd3 Kd6
$10 31. Bc2 Ne7 32. Nf4 g6 (32... h6 $6 33. Nh5) 33. h4 f5 34. Nd3 Ba6 35. b4
$6 (35. b3 Nc6 {/\Nd4/}) 35... cxb4 36. axb4 Bxc4 37. bxa5 Nc6 38. Nf4 Ke5 39.
Nh3 Nxa5 (39... f4 40. g3 fxg3+ 41. Kxg3 Nxa5 42. h5 $10) 40. g4 Nc6 41. f4+
Kf6 42. Bd1 (42. gxf5 $5) 42... Bd3 43. Ke3 Bb1 44. Nf2 Nb4 45. Kf3 Ba2 46. Kg3
e5 47. gxf5 gxf5 48. fxe5+ Kxe5 49. Nh3 Nd5 50. Bf3 Ne3 51. Be2 Bc4 52. Kf3
Bxe2+ (52... Bxe2+ 53. Kxe3 $1 {/\Nf4=/}) 1/2-1/2

[Event "RUS-ch Army"]
[Site "Russia"]
[Date "1995.??.??"]
[Round "?"]
[White "Ivanov, Timur"]
[Black "Savchenko, Stanislav"]
[Result "1/2-1/2"]
[WhiteElo "2425"]
[BlackElo "2585"]
[Annotator "Chekhov,V"]
[PlyCount "136"]
[EventDate "1995.??.??"]
[EventType "tourn"]
[EventRounds "11"]
[EventCountry "RUS"]
[EventCategory "10"]
[SourceTitle "CBM 048"]
[Source "ChessBase"]
[SourceDate "1995.10.01"]
[SourceVersion "1"]
[SourceVersionDate "1995.10.01"]
[SourceQuality "1"]

1. Nf3 d5 2. d4 c6 3. c4 Nf6 4. Nc3 e6 5. e3 Nbd7 6. Be2 Bd6 7. Qc2 O-O 8. O-O
Re8 9. Rd1 Qe7 10. h3 h6 11. a3 b6 (11... dxc4 12. Bxc4 e5 13. Nh4 Nf8 (13...
Nb6 14. Ng6 Qc7 15. Nxe5 Bxe5 16. dxe5 Qxe5 17. Bd3 $14 {Barbero,G-Trefny,V/
Boleslav/1994/1|0/32/}) 14. Nf5 Bxf5 15. Qxf5 $14 {Solozhenkin,E-Kishnev,S/
Lublin/1993/0,5/62/}) (11... a6 12. b3 dxc4 13. bxc4 e5 14. Nh4 Nf8 15. Nf5
Bxf5 16. Qxf5 $14 {Karpov,An-Illescas Cordoba,M/Wijk aan Zee/1993/1|0/61/}) 12.
e4 (12. b4 $5 dxc4 13. Bxc4 Bb7 14. e4 Bb8 15. Be3 a5 16. Rab1 axb4 17. axb4
$14 {Epishin,V-Atlas,D/Geneva/1993/1|0 69/}) 12... e5 $5 (12... Nxe4 13. Nxe4
dxe4 14. Qxe4 Bb7 15. Bf4 Bxf4 16. Qxf4 $14 {Ljubojevic,L-Illescas Cordoba,M/
Linares/1993/1/2 28/}) 13. cxd5 cxd5 14. dxe5 Nxe5 15. Nxd5 (15. Nxe5 Bxe5 (
15... Qxe5 $6 16. f4 Qe7 17. e5 Bc5+ 18. Kh2 $16) 16. Nxd5 Nxd5 17. exd5 (17.
Rxd5 $2 Bb7 18. Rd1 Bxe4) 17... Bd6 $6 (17... Qf6 $5) 18. Bf1 Qe5 19. g3 Bf5
20. Qa4 $16) 15... Nxd5 16. Rxd5 (16. exd5 $4 Nxf3+ 17. Bxf3 Qe1+ $19) 16...
Bb7 17. Rd1 Rac8 18. Qb1 (18. Qa4 Bc6 19. Qd4 Rcd8 $36) 18... Ng6 (18... Nxf3+
$5 19. Bxf3 Qe5 20. g3 Bc5 21. Bf4 Qe6 22. b4 Bf8 23. Kg2 Bxe4 $10) 19. Bd3 Bf4
$1 20. Qa2 (20. Re1 Rxc1 21. Rxc1 Bxc1 22. Qxc1 Bxe4) 20... Bxe4 21. Bxe4 (21.
Re1 $6 Qb7 22. Bxe4 Rxe4 23. Rxe4 Qxe4 $17) 21... Qxe4 22. Qb3 $1 Re6 $15 23.
g3 (23. Bxf4 Nxf4 24. Kh2 Qc2 25. Qxc2 Rxc2 $36) 23... Ne5 24. Ne1 (24. Nxe5 $6
Bxe5 $22 25. Be3 Bxg3) 24... Bxc1 25. Raxc1 Rce8 26. Qd5 Qf5 (26... Qxd5 27.
Rxd5 $10) 27. Kg2 (27. f4 Qxh3 28. fxe5 Qxg3+ 29. Qg2 Qxe5 $36) 27... Qf6 (
27... g5 $5) 28. b4 h5 29. Nf3 (29. h4 $2 Ng4 30. Nd3 Re2 31. Qf3 Ne3+ $19)
29... Nxf3 30. Qxf3 Qxf3+ 31. Kxf3 Rf6+ 32. Kg2 Re2 33. Rf1 Ra2 34. Rc8+ Kh7
35. Rc3 g5 $15 36. Kg1 (36. g4 $5) 36... Kg6 37. g4 h4 (37... hxg4 38. hxg4 Rf4
39. f3 Rd4 40. Rf2) 38. Kg2 Rf4 39. Rd3 f6 40. Rc3 Kh6 41. Rd3 Kg6 42. Rc3 a5
43. bxa5 bxa5 44. Rd3 Re4 (44... Ra4 45. Rb1 R4xa3 46. Rxa3 Rxa3 47. Rb7 a4 48.
Ra7 Ra1 49. Kf3 a3 50. Kg2 $10) 45. Rb1 Rf4 46. Rf1 Rc2 47. Rb3 a4 48. Re3 Ra2
49. Rd3 Rc2 50. Re3 Kf7 51. Rd3 Ke6 52. Re3+ $6 (52. Re1+ Kf7 53. Rf1) 52...
Kd5 53. Re8 Kc4 54. Rb8 (54. Rc8+ Kb3 55. Rb1+ Ka2 56. Rxc2+ Kxb1 57. Re2 Rc4
58. Re6 Kb2 59. Rxf6 Kxa3 60. Rf5 Kb4 61. Rxg5 a3 62. Rg8 a2 63. Ra8 Kb3 64.
Rxa2 Kxa2 $19) 54... Ra2 55. Rc8+ Kd5 (55... Kb3 $4 56. Rb1+ Kxa3 (56... Rb2
57. Rb8+ $18) 57. Rc3#) 56. Rd8+ Ke6 57. Re8+ Kf7 58. Re3 f5 59. gxf5 Rxf5 60.
Rf3 $1 $10 Kg6 (60... Rxf3 61. Kxf3 Rxa3+ 62. Kg4 Kf6 63. Rc1 $10) 61. Rxf5
Kxf5 62. Rc1 Rxa3 63. Rc5+ Kf6 64. Ra5 Ra1 65. Kf3 a3 66. Kg2 Ke6 67. Rxg5 Rb1
68. Ra5 Ra1 (68... Rb3 69. Ra4 Kd5 70. Rxh4 a2 71. Ra4 Rb2 72. h4) 1/2-1/2

[Event "Interzonal-14c"]
[Site "Zagreb"]
[Date "1987.??.??"]
[Round "5"]
[White "Miles, Anthony John"]
[Black "Nogueiras Santiago, Jesus"]
[Result "1/2-1/2"]
[WhiteElo "2585"]
[BlackElo "2555"]
[Annotator "ChessBase"]
[PlyCount "37"]
[EventDate "1987.08.01"]
[EventType "tourn"]
[EventRounds "17"]
[EventCountry "YUG"]
[EventCategory "12"]
[SourceTitle "CBM 004"]
[Source "ChessBase"]
[SourceDate "1988.06.01"]
[SourceVersion "1"]
[SourceVersionDate "1988.06.01"]
[SourceQuality "1"]

1. d4 d5 2. c4 c6 3. Nc3 Nf6 4. e3 e6 5. Nf3 Nbd7 6. Qc2 Bd6 7. Be2 O-O 8. O-O
e5 $5 9. cxd5 cxd5 10. Nb5 Bb8 11. dxe5 Nxe5 12. Bd2 Bg4 13. Nbd4 Qe7 (13...
Qd6 14. g3 $14) 14. Bc3 Rc8 15. Qb3 Bd6 16. Rfc1 Nc4 17. Nb5 $6 (17. Be1 $142
$1 $14 {Nogueiras}) 17... Bc5 18. Bd4 Ne4 19. Bxc5 $13 1/2-1/2

[Event "Brno-A"]
[Site "Brno"]
[Date "1994.??.??"]
[Round "9"]
[White "Stangl, Markus"]
[Black "Dreev, Alexey"]
[Result "0-1"]
[WhiteElo "2535"]
[BlackElo "2650"]
[Annotator "ChessBase"]
[PlyCount "62"]
[EventDate "1994.08.??"]
[EventType "tourn"]
[EventRounds "9"]
[EventCountry "CZE"]
[EventCategory "13"]
[SourceTitle "CBM 043"]
[Source "ChessBase"]
[SourceDate "1994.12.01"]
[SourceVersion "1"]
[SourceVersionDate "1994.12.01"]
[SourceQuality "1"]

1. c4 c6 2. Nf3 d5 3. d4 Nf6 4. Nc3 e6 5. e3 Nbd7 6. Qc2 Bd6 7. Bd2 O-O 8. h3
c5 (8... Re8 $13 {/\e6-e5}) (8... a6 9. g4 dxc4 10. Bxc4 b5 $13) 9. cxd5 exd5
10. g4 Re8 11. Bg2 a6 12. a4 Nf8 $1 (12... b6 $2 13. O-O Bb7 $2 {Bischoff,
K-Dreev,A/Brno (03)/1994/1-0/}) 13. dxc5 $6 Bxc5 14. O-O h5 $1 $40 15. gxh5
Nxh5 16. Nb5 Ne6 17. Nbd4 Bxd4 18. Nxd4 Ng5 19. f4 Bxh3 20. Be1 Bxg2 21. Qxg2
Ne4 22. Rf3 Qf6 23. Qh2 Qg6+ 24. Kh1 f5 25. Qh3 Qg4 26. Kh2 Rac8 27. Rd1 Kf7
28. Qg2 Rh8 29. Kg1 Nhf6 30. a5 Rh5 31. b4 Rch8 0-1

[Event "Interzonal-14a"]
[Site "Subotica"]
[Date "1987.??.??"]
[Round "4"]
[White "Smyslov, Vassily V"]
[Black "Chernin, Alexander"]
[Result "1/2-1/2"]
[WhiteElo "2550"]
[BlackElo "2570"]
[Annotator "ChessBase"]
[PlyCount "106"]
[EventDate "1987.06.??"]
[EventType "tourn"]
[EventRounds "17"]
[EventCountry "YUG"]
[EventCategory "11"]
[SourceTitle "CBM 003"]
[Source "ChessBase"]
[SourceDate "1988.04.01"]
[SourceVersion "1"]
[SourceVersionDate "1988.04.01"]
[SourceQuality "1"]

1. d4 d5 2. c4 c6 3. Nf3 Nf6 4. Nc3 e6 5. e3 Nbd7 6. Qc2 Bd6 7. e4 dxe4 8. Nxe4
Nxe4 9. Qxe4 c5 10. Bd2 Nf6 11. Qc2 $5 (11. Qh4 cxd4 12. Nxd4 (12. Qxd4 e5 $1
13. Nxe5 Qe7 14. f4 Bc5 $44) 12... Be5 13. Bc3 $2 g5 {Chernin}) (11. Qd3 $5)
11... cxd4 12. Nxd4 Bc5 (12... Bd7 $5 {/\ Qc7 Chernin}) 13. Nb3 Be7 14. Be2 Qc7
15. O-O Bd7 16. Rac1 Rc8 17. Nd4 O-O 18. Bc3 Rfd8 19. Rfd1 a6 $10 20. Nf3 Bc6
21. Rxd8+ Rxd8 22. b3 Bc5 23. Bxf6 gxf6 24. Rd1 Rxd1+ 25. Bxd1 a5 26. Ne1 Qe5
27. Nd3 Qg5 28. g3 Bd4 29. Qe2 Qf5 30. Qg4+ Qxg4 31. Bxg4 f5 32. Bd1 Be4 33.
Bc2 Kf8 34. Kf1 Ke7 35. Ke2 Kd6 36. f3 Bc6 37. h3 h6 38. g4 fxg4 39. hxg4 f5
40. gxf5 exf5 41. Nf4 Ke5 42. Nd5 Bd7 43. f4+ Kd6 44. a4 h5 45. Kf3 h4 46. Kg2
Ke6 47. Bd1 Bc6 48. Bc2 Be3 49. Kh3 Bf2 50. Bd3 Bg3 51. Bc2 Bd7 52. Kg2 Kd6 53.
Kf3 Bh2 1/2-1/2

[Event "Candidates Tournament Montpellier"]
[Site "Montpellier"]
[Date "1985.10.??"]
[Round "6"]
[White "Portisch, Lajos"]
[Black "Ribli, Zoltan"]
[Result "0-1"]
[WhiteElo "2625"]
[BlackElo "2605"]
[Annotator "ChessBase"]
[PlyCount "38"]
[EventDate "1985.10.13"]
[EventType "tourn"]
[EventRounds "15"]
[EventCountry "FRA"]
[EventCategory "14"]
[SourceTitle "Candidates"]
[Source "ChessBase"]
[SourceDate "1999.07.01"]
[SourceVersion "2"]
[SourceVersionDate "1999.07.01"]
[SourceQuality "1"]

1. d4 Nf6 2. c4 e6 3. Nf3 d5 4. Nc3 c6 5. e3 Nbd7 6. Qc2 Bd6 7. b3 O-O 8. Be2
e5 9. cxd5 Nxd5 10. Nxd5 cxd5 11. dxe5 Nxe5 12. O-O $2 Nxf3+ 13. Bxf3 Qh4 14.
h3 $2 (14. g3 $15) 14... Bxh3 $19 15. Rd1 Bh2+ 16. Kf1 Qf6 17. Bxd5 Bf5 18. e4
Bg4 19. Ba3 Qa6+ 0-1

[Event "Brno-A"]
[Site "Brno"]
[Date "1994.??.??"]
[Round "3"]
[White "Bischoff, Klaus"]
[Black "Dreev, Alexey"]
[Result "1-0"]
[WhiteElo "2525"]
[BlackElo "2650"]
[Annotator "ChessBase"]
[PlyCount "151"]
[EventDate "1994.08.??"]
[EventType "tourn"]
[EventRounds "9"]
[EventCountry "CZE"]
[EventCategory "13"]
[SourceTitle "CBM 043"]
[Source "ChessBase"]
[SourceDate "1994.12.01"]
[SourceVersion "1"]
[SourceVersionDate "1994.12.01"]
[SourceQuality "1"]

1. c4 c6 2. Nf3 d5 3. e3 Nf6 4. Nc3 e6 5. d4 Nbd7 6. Qc2 Bd6 7. Bd2 O-O 8. h3
$5 c5 (8... Re8 {/\e6-e5} 9. g4 e5 10. g5 $2 exd4 $1) (8... a6 9. g4 dxc4 10.
Bxc4 b5 $13) 9. cxd5 exd5 10. g4 Re8 11. Bg2 a6 12. a4 b6 $2 (12... Nf8 $142 {
Stangl,M-Dreev,A/Brno/1994/}) 13. O-O Bb7 $2 {The Bishop is misplaced here.}
14. Rfd1 $16 Rc8 15. Be1 c4 16. b3 Bb8 17. Nd2 Qc7 18. Nf1 Nf8 19. f3 Qd8 20.
b4 Bd6 21. Rab1 h6 22. Bf2 Ng6 23. Re1 Nd7 24. f4 Nf6 25. Ng3 Nh4 26. Bh1 Bf8
27. Kh2 Rc7 28. b5 a5 29. Rg1 Bb4 30. Rbf1 Rce7 31. Nge2 Ng6 32. Qc1 Bd6 33.
Bf3 Bb8 34. Kg2 Bc8 35. Rh1 Bc7 36. Rfg1 Ne4 37. Bxe4 dxe4 38. f5 Nf8 39. Bh4
f6 40. Bg3 Nh7 41. Bxc7 Rxc7 42. h4 h5 43. Ng3 hxg4 44. Qd1 Qd6 45. Qxg4 Kh8
46. Qh5 Rd8 47. Nge2 Qd7 48. Rf1 Kg8 49. Rf4 Nf8 50. Kf2 Bb7 51. Rg1 Qe8 52.
Qh6 Nh7 53. Qg6 Qe7 54. Qg3 Qd7 55. Ke1 Re8 56. Rg4 Re7 57. Qf4 Rf7 58. R4g2
Qe7 59. Kf2 Qf8 60. Rg6 Kh8 61. Qg4 Rfd7 62. Nf4 Qa3 63. Nce2 Bd5 64. Nxd5 Rxd5
65. Rxg7 Rxf5+ 66. Qxf5 Rxg7 67. Qc8+ Qf8 68. Qxf8+ Nxf8 69. Rxg7 Kxg7 70. Ng3
Ng6 71. Nf5+ Kf8 72. h5 Nh8 73. Ke2 Nf7 74. Kd2 Ke8 75. Kc3 Kd7 76. d5 1-0

[Event "Paris FIDE GP"]
[Site "Elancourt"]
[Date "2013.09.23"]
[Round "2"]
[White "Bacrot, Etienne"]
[Black "Ivanchuk, Vassily"]
[Result "1/2-1/2"]
[WhiteElo "2723"]
[BlackElo "2731"]
[Annotator "ChessBase Website"]
[PlyCount "35"]
[EventDate "2013.09.22"]
[EventType "tourn"]
[EventRounds "11"]
[EventCountry "FRA"]
[EventCategory "20"]
[SourceTitle "CBM 157"]
[Source "ChessBase"]
[SourceDate "2013.11.12"]
[SourceVersion "1"]
[SourceVersionDate "2013.11.12"]
[SourceQuality "1"]
[TimeControl "40/7200:20/3600:900+30"]
[WhiteClock "2:00:00"]
[BlackClock "2:00:00"]

1. d4 {[%emt 0:00:03]} d5 {[%emt 0:00:04]} 2. c4 {[%emt 0:00:05]} e6 {[%emt 0:
00:03]} 3. Nf3 {[%emt 0:00:15]} c6 {[%emt 0:00:04]} 4. e3 {[%emt 0:00:42]} Bd6
{[%emt 0:00:09]} 5. Be2 {[%emt 0:00:40] Bacrot: I don't know why I played so
fast 5.Be2.} (5. Nc3) (5. Bd3) 5... Nf6 {[%emt 0:04:03]} 6. b3 {[%emt 0:01:35]}
O-O {[%emt 0:02:58]} 7. Bb2 {[%emt 0:00:18]} b6 {[%emt 0:01:11]} 8. Nc3 {
[%emt 0:01:32]} Nbd7 {[%emt 0:00:36]} 9. Qc2 {[%emt 0:00:33]} Bb7 {[%emt 0:00:
43]} 10. O-O {[%emt 0:00:11]} Qe7 {[%emt 0:01:08]} 11. e4 {[%emt 0:04:18]} (11.
Rad1) 11... Nxe4 {[%emt 0:13:18]} 12. Nxe4 {[%emt 0:00:52]} dxe4 {[%emt 0:00:
08]} 13. Qxe4 {[%emt 0:00:05]} Nf6 {[%emt 0:00:08]} (13... f5 14. Qh4 Qxh4 15.
Nxh4 Be7 16. Nf3 c5 17. Ne5 Nxe5 18. dxe5 Rfd8 19. Rad1 Rxd1 20. Rxd1 Rd8 21.
Rxd8+ Bxd8 22. f4 Bh4 23. g3 Be7 24. Bd3 Kf7 25. Kf2 h5 26. h4 g6 27. Bc3 Ke8
28. a4 a5 29. Be2 Kd7 30. Bf3 {1/2-1/2 (30) Miroshnichenko,E (2624)-Petrosian,
T (2643) Dubai 2012}) (13... Rfe8) 14. Qh4 {[%emt 0:00:06]} Ba3 {[%emt 0:14:30]
} 15. Bc3 {[%emt 0:21:58]} Bb4 {[%emt 0:00:33]} (15... c5 16. Rad1 Rfd8 $11)
16. Bb2 {[%emt 0:03:39]} Ba3 {[%emt 0:00:13]} 17. Bc3 {[%emt 0:00:02]} Bb4 {
[%emt 0:00:31]} 18. Bb2 {[%emt 0:01:59]} 1/2-1/2

[Event "ESP-chT"]
[Site "Mondariz"]
[Date "2002.11.30"]
[Round "1"]
[White "Cifuentes Parada, Roberto"]
[Black "Gurevich, Mikhail"]
[Result "1/2-1/2"]
[WhiteElo "2507"]
[BlackElo "2636"]
[Annotator "Cifuentes Parada,L"]
[PlyCount "85"]
[EventDate "2002.11.30"]
[EventType "team"]
[EventRounds "9"]
[EventCountry "ESP"]
[SourceTitle "CBM 091 Extra"]
[Source "ChessBase"]
[SourceDate "2003.01.09"]
[SourceVersion "1"]
[SourceVersionDate "2003.01.09"]
[SourceQuality "1"]

1. d4 d5 2. c4 c6 3. Nc3 Nf6 4. e3 e6 5. Nf3 a6 $5 6. Qc2 (6. Bd2 $5 c5 7. cxd5
exd5 8. Be2 (8. Bd3 {Sokolov,I}) 8... Nc6 9. O-O Be6 $5 {/\Rc8} 10. Rc1 Rc8 11.
dxc5 Bxc5 12. Na4 Ba7 13. Nc5 $5 (13. Qb3 $6 Qe7 14. Nb6 Rb8 15. Ng5 O-O 16.
Rfd1 h6 17. Nxe6 fxe6 $15 18. Be1 Ne4 19. Bd3 Nd6 20. Bb1 Ne5 21. Nxd5 exd5 22.
Rxd5 Kh8 23. Rcd1 Ndf7 24. Qc2 g6 25. Bc3 Kg8 26. Qe4 Rbe8 27. f4 Ng5 28. fxg5
Bxe3+ 29. Kh1 Qf7 30. h3 Qf1+ 31. Rxf1 Rxf1+ 32. Kh2 Bg1+ 33. Kg3 Bf2+ 34. Kh2
Bg1+ 35. Kg3 Bf2+ 36. Kh2 Bg1+ {1/2-1/2 Bischoff,K-Gurevich,M/Bundesliga 2002 
(36)}) 13... Bxc5 (13... Qe7 14. Nxe6 fxe6 15. Ne5 O-O 16. Nxc6 Rxc6 17. Rxc6
bxc6 18. Bxa6 Ne4 19. Bd3 $14) 14. Rxc5 O-O (14... Ne4 15. Rc1 O-O 16. a3 (16.
Bc3 Nxc3 17. Rxc3 d4 18. exd4 Bxa2 19. b3 Nxd4 20. Rxc8 Nxf3+ 21. Bxf3 Qxc8)
16... d4 17. exd4 Nxd4 18. Rxc8 Bxc8 19. Nxd4 Qxd4 20. Bb4 Qxd1 21. Rxd1 Re8
22. f3 Nf6 23. Kf2 Be6 $14) 15. a3 $1 (15. Rc1 d4 16. exd4 Bxa2 17. b3 Nxd4)
15... d4 16. Qc2 Nd7 17. Ng5 g6 18. Nxe6 fxe6 19. Rc4 Nde5 20. Qe4 $1 Qd5 (
20... Nxc4 21. Bxc4 Kg7 22. Bxe6 Rc7 23. exd4 $44) 21. Qxd5 exd5 22. Rc5 d3 23.
Bd1 Ne7 24. Rxc8 Rxc8 25. Bc3 Nc4 26. Bg4 Rc6 27. Rd1 $14) (6. b3 c5 $5 7. Bb2
cxd4 8. exd4 b6 9. Be2 Bb7 10. O-O Nbd7 $13 {Lautier,J-Gurevich,M/Wijk aan Zee
2002}) 6... c5 (6... dxc4 7. Bxc4 c5 (7... b5 8. Bd3 Nbd7 9. O-O c5) 8. O-O b5
9. Be2 Nbd7 10. Rd1 Bb7 11. dxc5 Bxc5 12. Ne5 Qc8 13. Nxd7 Nxd7 14. Nxb5 $1 O-O
15. Nd4 Bd5 16. Nb3 Rb8 17. Bd2 Rb6 18. Nxc5 Nxc5 19. f3 {1-0 Galliamowa-
Erneste /Manila ol(w) 1992}) (6... Nbd7 7. b3 Bd6 8. Be2 O-O 9. O-O e5 10. cxd5
cxd5 11. dxe5 Nxe5 12. Bb2 Be6 13. Rac1 $14) 7. dxc5 Bxc5 8. a3 O-O (8... Nc6
$6 9. b4 Ba7 10. Bb2 dxc4 (10... O-O $6 11. Rd1 Qe7 12. cxd5 exd5 13. Nxd5 Nxd5
14. Rxd5 h6 15. Qc3 $18 {Alterman,B-Kutirov,R/Struga 1995}) 11. Bxc4 O-O 12.
Rd1 $1 Qe7 13. Ne4 $1 Nxe4 14. Qxe4 f6 15. h4 $1 $40 Qf7 16. g4 Bb8 17. Bd3 f5
18. gxf5 exf5 19. Qc4 b5 20. Qxc6 Bb7 21. Qc3 Bxf3 22. Rg1 Ra7 23. Bxf5 $1 Rc7
24. Rxg7+ Qxg7 25. Be6+ Kh8 26. Qxg7+ Rxg7 27. Rd7 $1 Bh2 28. Bxg7# {1-0
Georgiev,K-Hodgson,J/Cacak 1996 (28)}) (8... dxc4 9. Bxc4 b5 10. Bd3 (10. Nxb5
$2 axb5 11. Bxb5+ Bd7 $1) 10... Nbd7 11. b4 $1 (11. O-O Bb7 12. e4 Qc7 $1 13.
Bg5 Ne5 14. Rac1 $2 Nfg4 $1 $19 {Rustemov,A-Vera,R/Spain (tt) 2002}) 11... Be7
12. Bb2 Bb7 13. e4 Rc8 14. O-O Nb6 15. Rfd1 Qc7 16. Rac1 Nc4 $6 (16... O-O $2
17. e5 $1 Bxf3 18. exf6 Bxd1 19. Bxh7+ Kh8 20. fxg7+ Kxg7 21. Nxb5+ Bf6 22.
Bxf6+ Kxf6 23. Qxc7 Rxc7 24. Nxc7 $18) 17. Bxc4 $1 Qxc4 (17... bxc4 18. Qa4+)
18. Qb1 O-O 19. Nd5 $16) 9. b4 Be7 10. Bb2 (10. cxd5 exd5 11. Bb2 Be6 $1 12.
Rd1 (12. Bd3 Nc6 13. O-O Rc8) 12... Nbd7 13. Be2 a5 $1 14. b5 Rc8 $13) 10...
dxc4 11. Bxc4 Nbd7 12. O-O b5 13. Ba2 Bb7 14. Rfd1 Bxf3 $1 $11 15. gxf3 Rc8 16.
Qe2 Qc7 17. Rac1 Qb8 18. f4 $1 (18. Ne4 Rxc1 19. Rxc1 Nxe4 20. fxe4 Bf6) (18.
Nb1 {/\Nd2-b3-d4} Bd6 $1 19. f4 e5 $11) 18... Nb6 19. Nb1 Nfd7 20. Nd2 Na4 21.
Nb3 (21. Ba1 $2 Bf6) 21... Rxc1 22. Rxc1 Rc8 23. Bd4 Rxc1+ (23... Bf6) 24. Nxc1
Qc8 25. Nd3 Bf6 26. Bxf6 (26. Ne5 $5 Bxe5 27. fxe5 (27. Bxe5 Nxe5 28. fxe5 Qc1+
29. Kg2 Qxa3 30. Qd2 g6 31. Qd8+ $11) 27... Qc1+ 28. Kg2 Qxa3 29. Qd2 h6 $13)
26... Nxf6 27. Bb3 (27. f5 exf5 28. Ne5 Qc3) 27... Nb6 28. Nc5 Nbd7 29. Nxd7
Qxd7 30. Qd1 Qe7 31. Qf3 g6 $1 32. Qc6 (32. Qa8+ Kg7 33. Qxa6 $2 Qd7 34. Bc2
Qd2 35. Qc6 Ng4 36. Qf3 Qxc2 37. Qxg4 Qc1+ 38. Kg2 Qxa3 39. f5 Qa8+ 40. Kg1
exf5 $15) 32... Kg7 33. Kg2 (33. Bd1 e5 $1 $132) 33... Qd8 34. Qc3 Kg8 35. f3
Nd7 36. Bc2 Nf6 37. Bb3 Nh5 38. a4 bxa4 39. Bxa4 Nf6 40. Bc6 Nh5 41. Bb7 Qb6
42. Qc8+ Kg7 43. Qc3+ 1/2-1/2